| 000 | 01751cam a22004814i 4500 | ||
|---|---|---|---|
| 003 | PE-LiUPU | ||
| 005 | 20250731173028.0 | ||
| 008 | 150623s r 000 0 d | ||
| 035 | _a(Sirsi) a23786 | ||
| 040 |
_aPE-LiUPU _bspa _cPE-LiUPU _erda |
||
| 082 | 0 | 4 |
_a281 _bE33 _221 |
| 100 | 1 |
_aEusebius, of Caesarea, Bishop of Caesarea, _dca. 260-ca. 340, _eautor. |
|
| 245 | 1 | 0 |
_aEusebius' ecclesiastical history : _baccording to the text of Burton / _ccon una introducción por William Bright. |
| 264 | 1 |
_aPeabody, Massachusetts : _bHendrickson Publishers, _c1998. |
|
| 300 |
_a477 páginas ; _c24 cm. |
||
| 336 |
_atext _2rdacontent |
||
| 337 |
_aunmediated _2rdamedia |
||
| 338 |
_avolume _2rdacarrier |
||
| 504 | _aIncluye bibliografía. | ||
| 505 | 0 | _aAnnotations on the lufe and writings of Eudebius. -The book of martyrs. -A historical view of the council of Nicea. | |
| 526 | _aSEG42 | ||
| 526 | _aSEG41 | ||
| 526 | _aSEG40 | ||
| 526 | _aSEG39 | ||
| 526 | _aP94 | ||
| 526 | _aP87 | ||
| 526 | _aP86 | ||
| 526 | _aP85 | ||
| 526 | _aP77 | ||
| 526 | _aP76 | ||
| 526 | _aP35 | ||
| 650 | 0 | 4 |
_aHistoria de la Iglesia _yIglesia temprana, ca. 30-600. |
| 650 | 0 | 4 | _aCristianismo. |
| 650 | 0 | 4 |
_aCristianismo _xHistoria. |
| 700 | 1 |
_aAgnes, Lowless, _eed. |
|
| 700 | 1 |
_aScott, Pinzon, _eed. |
|
| 700 | 1 |
_aHeather, Stroobosscher, _eed. |
|
| 942 |
_2ddc _cBOOK |
||
| 949 |
_a281 E33 _wDEWEY _c1 _i48036 _lCCODEBUL1 _mBUL _p00.00 _r0 _sY _tBOOK _u2015-06-24 _xTEOLOGIA _PP35 _0COMPRA _o.STAFF. Colección General |
||
| 596 | _a1 | ||
| 999 |
_a281 E33 _wDEWEY _c24559 _i48036 _f2021-11-12 _g5 _lCCODEBUL1 _mBUL _r0 _sY _tBOOK _u2015-6-24 _xTEOLOGIA _PP35 _0COMPRA _o.STAFF. Colección General _d24559 |
||
| 980 |
_81 _gALBERTO SANCHEZ Responsable de Automatización |
||